Modelovanie a vizualizácia hydrologických dát pomocou GIS

Saved in:
Bibliographic Details
Main Author: Macho, Jozef, 1987- (Author)
Other Authors: Galbavý, Miroslav, 1954- (Thesis advisor)
Format: Manuscript Book
Language:Slovak
Published: Bratislava : STU v Bratislave FIIT, 2013
Subjects:
Online Access:VAIS
Tags: Add Tag
No Tags, Be the first to tag this record!

MARC

LEADER 00000ntm a22000003a 4500
001 stu275493
005 20150617230237.7
008 131003s2013----xo------------------slo-d
040 |a STU  |b slo 
041 0 |a slo 
044 |a xo 
100 1 |a Macho, Jozef,  |d 1987-  |4 aut  |u I  |T FIIT Fakulta informatiky a informačných technológií  |X 35461  |U I  |Y 70  |7 A000035461 
242 0 0 |a Modelling and visualization of hydrologic data using GIS  |y eng 
245 1 |a Modelovanie a vizualizácia hydrologických dát pomocou GIS 
260 |a Bratislava :  |b STU v Bratislave FIIT,  |c 2013 
650 7 |a softvérové inžinierstvo  |2 stusub 
650 7 |a Software Engineering  |2 estusub 
700 1 |a Galbavý, Miroslav,  |d 1954-  |4 ths  |u I300  |U FIIT Fakulta informatiky a informačných technológií  |T FIIT Ústav aplikovanej informatiky  |X 1936  |U I300  |Y 180  |7 A000001936 
856 4 |a info a plný text  |u http://is.stuba.sk/zp/portal_zp.pl?podrobnosti=81358  |3 VAIS 
996 |b IDP33/13  |c I*DP33/13  |l II680  |s A  |a 24  |w stu275493_0001